| 000 | 00467nam a22001817a 4500 | ||
|---|---|---|---|
| 003 | CEME | ||
| 005 | 20210628210215.0 | ||
| 008 | 210201b xxu||||| |||| 00| 0 eng d | ||
| 020 | _a696-8483-40-3 | ||
| 040 | _c. | ||
| 082 | _a923.25491 BOK | ||
| 100 |
_aBokhari, Syed Ghayoor Abbas _978528 |
||
| 245 | _aBenazir bhutto,battey say qaid tak | ||
| 260 |
_aLAHORE _bMAQBOOL _c2004 |
||
| 300 | _a270P | ||
| 650 |
_aBIOGRAPHY-BENAZIR BHUTTO _978529 |
||
| 942 |
_cBK _2ddc |
||
| 999 |
_c583638 _d583638 |
||